Historia, Geografía y Ciencias Sociales 4º medio: guía didáctica del docente
में बचाया:
| मुख्य लेखकों: | , , |
|---|---|
| स्वरूप: | पुस्तक |
| भाषा: | स्पेनिश |
| प्रकाशित: |
Santiago
Editora Zig-Zag
2016
|
| संस्करण: | 4a. ed |
| विषय: | |
| टैग: |
टैग जोड़ें
कोई टैग नहीं, इस रिकॉर्ड को टैग करने वाले पहले व्यक्ति बनें!
|
MARC
| LEADER | 00000cam a2200000 a 4500 | ||
|---|---|---|---|
| 001 | UCD9915 | ||
| 003 | CL-VaPUC | ||
| 008 | 170709e20160600cl |||||||||||||||||spa|d | ||
| 020 | |a 9789561226272 | ||
| 082 | 0 | 4 | |a 900.712 |b LAT |2 21 |
| 100 | 0 | |a Latorre Marín, Ignacio |e author |9 593827 | |
| 700 | 0 | |a Henríquez Núñez, Michelle |e author |9 593828 | |
| 700 | 0 | |a Rocha Salazar, Paloma |e author |9 593829 | |
| 245 | 1 | 0 | |a Historia, Geografía y Ciencias Sociales 4º medio: guía didáctica del docente |
| 250 | |a 4a. ed | ||
| 300 | |a 186 p | ||
| 942 | |c BK | ||
| 945 | |d 20170709 17:01:00 |a arojas | ||
| 260 | |a Santiago |b Editora Zig-Zag |c 2016 | ||
| 650 | 0 | |a Enseñanza de la historia |9 307330 | |
| 650 | 0 | |a Enseñanza de la geografía |9 310005 | |
| 650 | 0 | |a Enseñanza de las ciencias sociales |9 337823 | |
| 650 | 0 | |a Textos escolares |9 382843 | |
| 650 | 0 | |a Libros de texto |9 270019 | |
| 583 | |a last modification |c 20170709 17:01:00 |k Rodrigo Vera | ||
| 999 | |c 368927 |d 368925 | ||
| 952 | |0 0 |1 0 |3 erb |4 0 |6 900_712000000000000_LAT_2016 |7 0 |8 A |9 484405 |a BIBEDU |b BIBEDU |i 5404738 |o 900.712 LAT 2016 |p 5404738 |r 2019-11-24 |w 2019-11-24 |y BK |z Catalogado en:20170709 |k EPE | ||